| 000 | 00906cam a2200289 a 4500 | ||
|---|---|---|---|
| 001 | 000007141 | ||
| 003 | DO-SdBNP | ||
| 005 | 20251029103407.0 | ||
| 008 | 090904s1978 ve a 001 0 spa d | ||
| 040 |
_aDO-SdBNP _bspa _cBNPHU |
||
| 082 |
_aV860 _bG767a |
||
| 100 | 1 |
_aGrases, Pedro, _d1909- _96755 |
|
| 245 | 1 | 0 |
_aAlgunos temas de Bello / _cPedro Grases. |
| 260 |
_aCaracas : _bMonte Ávila, _c1978. |
||
| 300 |
_a191 p. : _bil. ; _c18 cm. |
||
| 490 | 1 | _aEstudios | |
| 500 | _aIncluye bibliografía e índice. | ||
| 590 | _aInventariado, 2020 / DG | ||
| 600 | 1 | 4 |
_aBello, Andrés, _d1781-1865. _916627 |
| 650 | 4 |
_aLiteratura venezolana _93816 |
|
| 650 | 4 |
_aActores, venezuela _xBiografía _919811 |
|
| 650 | 4 |
_aEruditos _zVenezuela _xBiografía _919812 |
|
| 650 | 4 |
_aEstadísticas _zVenezuela _xBiografía _919813 |
|
| 830 | 0 |
_aEstudios _93854 |
|
| 910 | _aInventariado, 2020 / DG | ||
| 942 |
_2ddc _cLBS1 |
||
| 999 |
_c6922 _d6922 |
||